| 000 | 00762nam a22001337a 4500 | ||
|---|---|---|---|
| 040 | _cRUA | ||
| 082 | _aLMA PHO 2017 B640 Or.1 | ||
| 100 | _aPHOK CHEASONIN ភោគ ជាសុនិន | ||
| 245 | _astudy on establishing map of land valuatoin in chrouy chongvar commune chrouy chongvar district phnom penh សិក្សាពីការកសាងផែនទីវាយតម្លៃដីធ្លី នៅក្នុងសង្កាត់ជ្រោយចង្វារ ខណ្ឌជ្រោយចង្វារ រាជធានីភ្នំពេញ | ||
| 260 |
_aRUA _bphnom penh _c2017 |
||
| 300 |
_ax;39p _bill; _c29cm |
||
| 856 | _uhttps://drive.google.com/file/d/1fuaYKGdFQi-8ENn-FYWQHF2O_gjRNk_l/view?usp=sharing | ||
| 942 | _cLMA | ||
| 999 |
_c18134 _d18134 |
||